00376nam a2200157Ia 45000030006000000050017000060080041000230400009000640410012000730820018000851000020001032450070001232500008001932600009002013000008002100Nust20170105110250.0161124s9999 xx 000 0 und d cIGIS aEnglish a621.3678bJEN aJohn R . Jensen aIntroducing Digital Image Processing A Remote Sensing Perspective a2ED c1996 a318